| 000 | 01405nam a2200217 i 4500 | ||
|---|---|---|---|
| 001 | 158517 | ||
| 003 | ES-MaACL | ||
| 005 | 20251118185420.0 | ||
| 008 | 021213s1804 fr |||| | fre d | ||
| 040 |
_aCCPB | B _bspa _cCCPB | B |
||
| 100 | 1 |
_aMahon, Paul Augustin Olivier, _d1752-1801 _9129358 |
|
| 245 | 1 | 0 |
_aHistoire de la médecine clinique, depuis son origine jusqu'à nos jours, et recherches importantes sur l'existence, la nature et la communication des maladies syphilitiques dans les femmes enceintes, dans les enfants nouveaux-nés et dans les nourrices / _cpar P.-A.-O. Mahon ; et Manière de traiter les maladies syphilitiques dans les femmes enceintes, dans les enfants nouveaux-nés et dans les nourrices / par Louis Lamauve,... |
| 260 |
_aA Paris : _bchez Buisson, libraire [etc.] ; _aA Rouen, _cAn XII, 1804 ( _fde l'imp. d'Ang. Lefebure ...) |
||
| 300 |
_a[12], 514 p. ; _c20 cm. |
||
| 594 | _aTít. en antep.: "Oeuvres posthumes du docteur Mahon" | ||
| 650 | 7 |
_aMedicina clínica _2embne _914921 |
|
| 650 | 0 | 4 |
_aSífilis. _917092 |
| 700 | 1 |
_aLamauve, Louis César, _d1762-1821 _9149702 |
|
| 852 |
_aES-MaACL _jR-2160 _z-- Enc. hol. con puntas _x-- Edic.: completar encabezamiento Mahon, Paul Agustin Olivier (tomado de BN Opale-Plus) -- Añadir en T260 A Rouen : Maison-Robert, imprimeur-libraire y en T300 [4] p. al final. Olim: G-14115. |
||
| 999 |
_c158517 _d158517 |
||